| 000 | 00540nam a22001697a 4500 | ||
|---|---|---|---|
| 005 | 20251215202347.0 | ||
| 008 | 251215b |||||||| |||| 00| 0 eng d | ||
| 020 | _a9780335219636 | ||
| 050 |
_aHV687 _b.A3 |
||
| 100 | _aPeckham, Stephen | ||
| 245 |
_aSocial Policy for Nurses and the Helping Professions _cStephen Peckham & Liz Meerabeau |
||
| 250 | _a2nd ed. | ||
| 260 |
_aMaidenhead _aNew York _bOpen University Press _bMcGraw Hill _c2007 |
||
| 300 |
_aviii. 330p. _bill. _c24.5cm |
||
| 700 | _aMeerabeau, Liz | ||
| 942 |
_2lcc _cBK _e2nd ed. _n0 |
||
| 999 |
_c8568 _d8568 |
||